[Event "Titled Tuesday intern op 22nd Feb Early"]
[Site "Chess.com INT"]
[Date "2022.02.22"]
[Round "1"]
[White "Dew, Brian"]
[Black "Maevsky, Nikolay"]
[Result "0-1"]
[WhiteElo "2002"]
[BlackElo "2337"]
[PlyCount "68"]
[EventDate "2022.02.22"]
[EventType "swiss (blitz)"]
[EventRounds "11"]
[EventCountry "USA"]
[SourceTitle "CBM 207 Extra"]
[Source "ChessBase"]
[SourceDate "2022.05.31"]
[SourceVersion "1"]
[SourceVersionDate "2022.05.31"]
[SourceQuality "1"]

1. b3 d5 2. Bb2 Bg4 3. h3 Bh5 4. d3 e6 5. Nd2 a5 6. a3 Nf6 7. g4 Bg6 8. Bg2 c6 9. e3 h5 10. g5 Nfd7 11. h4 e5 12. Ne2 Bd6 13. Ng3 Qe7 14. Bh3 Na6 15. Nf5 Bxf5 16. Bxf5 g6 17. Bh3 0-0 18. Qf3 Rfe8 19. 0-0 Nc7 20. Rae1 Rad8 21. Ra1 Ne6 22. Bc3 Ra8 23. Bb2 Ng7 24. Qg2 Bc5 25. Nf3 e4 26. Nd4 Nf8 27. dxe4 dxe4 28. Rfd1 Rad8 29. Qf1 Bd6 30. Ne2 Be5 31. Bxe5 Qxe5 32. Nd4 Rd5 33. Rd2 Red8 34. Rad1 Qe7 0-1

[Event "Titled Tuesday intern op 22nd Feb Early"]
[Site "Chess.com INT"]
[Date "2022.02.22"]
[Round "10"]
[White "Iljin, Timofey"]
[Black "Dew, Brian"]
[Result "1-0"]
[WhiteElo "2299"]
[BlackElo "2002"]
[PlyCount "43"]
[EventDate "2022.02.22"]
[EventType "swiss (blitz)"]
[EventRounds "11"]
[EventCountry "USA"]
[SourceTitle "CBM 207 Extra"]
[Source "ChessBase"]
[SourceDate "2022.05.31"]
[SourceVersion "1"]
[SourceVersionDate "2022.05.31"]
[SourceQuality "1"]

1. e4 e5 2. d4 exd4 3. c3 d5 4. exd5 Qxd5 5. cxd4 Nc6 6. Nf3 Nf6 7. Nc3 Bb4 8. Be2 Bg4 9. 0-0 Bxc3 10. bxc3 0-0 11. h3 Bh5 12. Be3 Qa5 13. c4 Rad8 14. d5 Bxf3 15. Bxf3 Ne5 16. Be2 b5 17. Bd4 Rfe8 18. f4 Nxc4 19. Bxc4 bxc4 20. Bxf6 gxf6 21. Qg4+ Kh8 22. Qf5 1-0

[Event "Titled Tuesday intern op 15th Feb Early"]
[Site "Chess.com INT"]
[Date "2022.02.15"]
[Round "9"]
[White "Jain, Kashish Manoj"]
[Black "Dew, Brian"]
[Result "1-0"]
[WhiteElo "2162"]
[BlackElo "2002"]
[PlyCount "71"]
[EventDate "2022.02.15"]
[EventType "swiss (blitz)"]
[EventRounds "11"]
[EventCountry "USA"]
[SourceTitle "CBM 206 Extra"]
[Source "ChessBase"]
[SourceDate "2022.03.31"]
[SourceVersion "1"]
[SourceVersionDate "2022.03.31"]
[SourceQuality "1"]

1. e4 e5 2. Nf3 Nc6 3. Bb5 Nge7 4. 0-0 g6 5. c3 Bg7 6. d4 exd4 7. cxd4 0-0 8. Nc3 a6 9. Ba4 d6 10. h3 b5 11. Bb3 Na5 12. Bc2 Bb7 13. Bf4 f5 14. Ng5 Qd7 15. d5 fxe4 16. Ne6 Rf7 17. Nxg7 Rxf4 18. Ne6 Rf7 19. Ng5 Rf5 20. Ngxe4 b4 21. Ne2 Nxd5 22. N2g3 Rff8 23. Qd2 c5 24. Rad1 Nc4 25. Qg5 Ne5 26. Bb3 c4 27. Bxc4 Nxc4 28. Rxd5 Bxd5 29. Qxd5+ Qf7 30. Qd4 Ne5 31. Nxd6 Qg7 32. Qd5+ Kh8 33. Nge4 Rad8 34. Rd1 Nf7 35. Nxf7+ Qxf7 36. Qe5+ 1-0

[Event "Titled Tuesday intern op 15th Feb Early"]
[Site "Chess.com INT"]
[Date "2022.02.15"]
[Round "1"]
[White "Tarhan, Adar"]
[Black "Dew, Brian"]
[Result "1-0"]
[WhiteElo "2125"]
[BlackElo "2002"]
[PlyCount "75"]
[EventDate "2022.02.15"]
[EventType "swiss (blitz)"]
[EventRounds "11"]
[EventCountry "USA"]
[SourceTitle "CBM 206 Extra"]
[Source "ChessBase"]
[SourceDate "2022.03.31"]
[SourceVersion "1"]
[SourceVersionDate "2022.03.31"]
[SourceQuality "1"]

1. e4 c6 2. d4 d5 3. Nc3 dxe4 4. Nxe4 Bf5 5. Ng3 Bg6 6. h4 h6 7. Nf3 Nd7 8. h5 Bh7 9. Bd3 Bxd3 10. Qxd3 e6 11. c3 Qc7 12. Bd2 Ngf6 13. 0-0-0 Bd6 14. Ne4 Nxe4 15. Qxe4 Nf6 16. Qe2 0-0-0 17. Kb1 c5 18. c4 cxd4 19. Nxd4 a6 20. Bc3 Kb8 21. Nb3 Ka8 22. Ba5 Qc6 23. Bxd8 Rxd8 24. c5 Be7 25. Rxd8+ Bxd8 26. f3 Bc7 27. a3 Qd5 28. Ka2 Nxh5 29. Rd1 Qc6 30. Qc4 Nf6 31. Nd4 Qe8 32. c6 b5 33. Qc5 Nd5 34. Re1 Bb6 35. Qxd5 Ka7 36. Qd7+ Qxd7 37. cxd7 Kb7 38. Rc1 1-0

[Event "Titled Tuesday intern op 08th Feb Early"]
[Site "Chess.com INT"]
[Date "2022.02.08"]
[Round "10"]
[White "Dew, Brian"]
[Black "Baches Garcia, Guillermo"]
[Result "1/2-1/2"]
[WhiteElo "2002"]
[BlackElo "2329"]
[PlyCount "59"]
[EventDate "2022.02.08"]
[EventType "swiss (blitz)"]
[EventRounds "11"]
[EventCountry "USA"]
[SourceTitle "CBM 206 Extra"]
[Source "ChessBase"]
[SourceDate "2022.03.31"]
[SourceVersion "1"]
[SourceVersionDate "2022.03.31"]
[SourceQuality "1"]

1. e4 c5 2. Nf3 d6 3. c3 Nf6 4. Bd3 b6 5. 0-0 Bb7 6. Re1 Nbd7 7. Bc2 c4 8. b3 b5 9. Na3 cxb3 10. axb3 a6 11. d4 e6 12. Nb1 Be7 13. Bf4 0-0 14. c4 bxc4 15. bxc4 Rc8 16. Bd3 d5 17. exd5 exd5 18. c5 Ne4 19. Nbd2 f5 20. Bxa6 Bxa6 21. Rxa6 Bf6 22. Qb3 Nb8 23. Rb6 Nc6 24. Nxe4 fxe4 25. Rxe4 Kh8 26. Re6 Nxd4 27. Nxd4 Bxd4 28. Be3 Bxc5 29. Bxc5 Rxc5 30. Re1 1/2-1/2

[Event "Titled Tuesday intern op 08th Feb Early"]
[Site "Chess.com INT"]
[Date "2022.02.08"]
[Round "6"]
[White "Dew, Brian"]
[Black "Rudzinska, Michalina"]
[Result "1-0"]
[WhiteElo "2002"]
[BlackElo "2211"]
[PlyCount "69"]
[EventDate "2022.02.08"]
[EventType "swiss (blitz)"]
[EventRounds "11"]
[EventCountry "USA"]
[SourceTitle "CBM 206 Extra"]
[Source "ChessBase"]
[SourceDate "2022.03.31"]
[SourceVersion "1"]
[SourceVersionDate "2022.03.31"]
[SourceQuality "1"]

1. e4 Na6 2. d4 b6 3. Nf3 g6 4. c3 Bg7 5. Bd3 c5 6. d5 d6 7. Bxa6 Bxa6 8. Qa4+ Qd7 9. Qxa6 Nf6 10. Nbd2 Qg4 11. Qa4+ Nd7 12. 0-0 0-0 13. h3 Qh5 14. Qxd7 f5 15. e5 dxe5 16. Nxe5 h6 17. Ndf3 Kh7 18. c4 Rad8 19. Qa4 f4 20. Qc2 Rd6 21. Re1 Kg8 22. b3 g5 23. Bb2 Qe8 24. Nc6 e6 25. Bxg7 Kxg7 26. Qc3+ Rf6 27. Nce5 h5 28. Nxg5 Kh6 29. Nef3 Qg6 30. dxe6 h4 31. e7 Qe8 32. Qe5 Rg6 33. Qxf4 Rdf6 34. Qxh4+ Kg7 35. Qh7# 1-0

[Event "Titled Tuesday intern op 08th Feb Early"]
[Site "Chess.com INT"]
[Date "2022.02.08"]
[Round "2"]
[White "Jeet, Jain"]
[Black "Dew, Brian"]
[Result "1-0"]
[WhiteElo "2279"]
[BlackElo "2002"]
[PlyCount "65"]
[EventDate "2022.02.08"]
[EventType "swiss (blitz)"]
[EventRounds "11"]
[EventCountry "USA"]
[SourceTitle "CBM 206 Extra"]
[Source "ChessBase"]
[SourceDate "2022.03.31"]
[SourceVersion "1"]
[SourceVersionDate "2022.03.31"]
[SourceQuality "1"]

1. e4 c6 2. d4 d5 3. e5 Bf5 4. h4 h6 5. Nc3 e6 6. g4 Bh7 7. Bd3 Bxd3 8. Qxd3 c5 9. Nce2 cxd4 10. Nxd4 Nc6 11. c3 Nxe5 12. Qe2 Nc6 13. h5 Nf6 14. Nh3 Nxd4 15. cxd4 Bb4+ 16. Kf1 Be7 17. Kg2 Rc8 18. Be3 Qb6 19. Rhc1 0-0 20. g5 hxg5 21. Nxg5 Rc6 22. Rxc6 bxc6 23. Rh1 Rb8 24. h6 gxh6 25. Rxh6 Kg7 26. Qf3 Rg8 27. Rh7+ Kf8 28. Rxf7+ Ke8 29. Rxf6 Qxb2 30. Rxe6 Kd7 31. Rxe7+ Kxe7 32. Qf7+ Kd6 33. Bf4# 1-0

[Event "Titled Tuesday intern op 08th Feb Early"]
[Site "Chess.com INT"]
[Date "2022.02.08"]
[Round "5"]
[White "Tarasova, Viktoriya"]
[Black "Dew, Brian"]
[Result "1-0"]
[WhiteElo "2226"]
[BlackElo "2002"]
[PlyCount "59"]
[EventDate "2022.02.08"]
[EventType "swiss (blitz)"]
[EventRounds "11"]
[EventCountry "USA"]
[SourceTitle "CBM 206 Extra"]
[Source "ChessBase"]
[SourceDate "2022.03.31"]
[SourceVersion "1"]
[SourceVersionDate "2022.03.31"]
[SourceQuality "1"]

1. d4 b6 2. e4 Bb7 3. Bd3 g6 4. c3 Bg7 5. Ne2 e6 6. 0-0 Ne7 7. Be3 h6 8. Qd2 d6 9. a4 a6 10. Na3 Nd7 11. b4 c6 12. Rab1 Qc7 13. c4 c5 14. bxc5 bxc5 15. d5 e5 16. Rb3 Bc8 17. g3 Nf6 18. f4 exf4 19. gxf4 Ng4 20. f5 Nxe3 21. Qxe3 gxf5 22. exf5 Be5 23. f6 Rg8+ 24. Kh1 Ng6 25. Rg1 Qd8 26. Rf1 Kd7 27. Bf5+ Kc7 28. Bd3 Bd7 29. Qd2 Qc8 30. Qa5# 1-0

[Event "Titled Tuesday intern op 08th Feb Early"]
[Site "Chess.com INT"]
[Date "2022.02.08"]
[Round "9"]
[White "Wahedi, Ahmad Siar"]
[Black "Dew, Brian"]
[Result "0-1"]
[WhiteElo "2284"]
[BlackElo "2002"]
[PlyCount "78"]
[EventDate "2022.02.08"]
[EventType "swiss (blitz)"]
[EventRounds "11"]
[EventCountry "USA"]
[SourceTitle "CBM 206 Extra"]
[Source "ChessBase"]
[SourceDate "2022.03.31"]
[SourceVersion "1"]
[SourceVersionDate "2022.03.31"]
[SourceQuality "1"]

1. c4 e5 2. Nc3 Nf6 3. g3 Nc6 4. Bg2 Bb4 5. Nd5 0-0 6. Nxb4 Nxb4 7. Nf3 e4 8. Nd4 Re8 9. 0-0 Nc6 10. Nxc6 dxc6 11. d4 Bf5 12. h3 h6 13. Be3 Qd7 14. Kh2 Rad8 15. Qd2 c5 16. d5 b6 17. Rad1 Qe7 18. a3 Nd7 19. b4 Ne5 20. Qc3 Qf6 21. Rc1 cxb4 22. axb4 c6 23. dxc6 Qxc6 24. c5 Qb5 25. Bd4 f6 26. c6 Nxc6 27. Bxf6 Rc8 28. Bxg7 Ne5 29. Bxe5 Rxc3 30. Bxc3 Qxe2 31. Bd4 Qd3 32. Be3 Rc8 33. Rxc8+ Bxc8 34. Rc1 Ba6 35. Rc7 Qb1 36. Rxa7 Bf1 37. Bxf1 Qxf1 38. Bxb6 Qb5 39. Bc5 Qd3 0-1

[Event "Titled Tuesday intern op 01st Feb-A"]
[Site "Chess.com INT"]
[Date "2022.02.01"]
[Round "2"]
[White "Dew, Brian"]
[Black "Voege, Tobias"]
[Result "1-0"]
[WhiteElo "2002"]
[BlackElo "2296"]
[PlyCount "61"]
[EventDate "2022.02.01"]
[EventType "swiss (blitz)"]
[EventRounds "11"]
[EventCountry "USA"]
[SourceTitle "CBM 206 Extra"]
[Source "ChessBase"]
[SourceDate "2022.03.31"]
[SourceVersion "1"]
[SourceVersionDate "2022.03.31"]
[SourceQuality "1"]

1. e4 e6 2. d4 d5 3. Nc3 Nf6 4. Bg5 Be7 5. e5 Nfd7 6. Bxe7 Qxe7 7. f4 a6 8. Nf3 c5 9. dxc5 Nxc5 10. Qd2 Nc6 11. 0-0-0 b5 12. Bd3 b4 13. Ne2 a5 14. Ned4 Bd7 15. Nxc6 Bxc6 16. Nd4 Qc7 17. Qe3 0-0 18. Kb1 a4 19. f5 b3 20. f6 Kh8 21. Rhf1 Nxd3 22. fxg7+ Kxg7 23. Qg5+ Kh8 24. Qf6+ Kg8 25. Rxd3 bxc2+ 26. Kc1 Rfb8 27. Rg3+ Kf8 28. Nxe6+ Ke8 29. Nxc7+ Kd7 30. Qxf7+ Kc8 31. Nxa8 1-0

[Event "Titled Tuesday intern op 01st Feb-A"]
[Site "Chess.com INT"]
[Date "2022.02.01"]
[Round "1"]
[White "Faizulaev, Akmal"]
[Black "Dew, Brian"]
[Result "1-0"]
[WhiteElo "2417"]
[BlackElo "2002"]
[PlyCount "69"]
[EventDate "2022.02.01"]
[EventType "swiss (blitz)"]
[EventRounds "11"]
[EventCountry "USA"]
[SourceTitle "CBM 206 Extra"]
[Source "ChessBase"]
[SourceDate "2022.03.31"]
[SourceVersion "1"]
[SourceVersionDate "2022.03.31"]
[SourceQuality "1"]

1. e4 e5 2. Nf3 Nc6 3. Bb5 a6 4. Bxc6 dxc6 5. 0-0 f6 6. d4 exd4 7. Nxd4 c5 8. Nb3 Qxd1 9. Rxd1 Bd7 10. Nc3 0-0-0 11. Be3 b6 12. a4 a5 13. Bf4 Ne7 14. Bg3 h6 15. Nd2 f5 16. Nc4 g5 17. Be5 Rg8 18. exf5 Nxf5 19. Nd5 Be6 20. Ndxb6+ cxb6 21. Nxb6+ Kb7 22. Rxd8 Kxb6 23. Re1 Bf7 24. Rb8+ Kc6 25. Bc3 Nd4 26. Bxa5 Nxc2 27. Rc1 Nd4 28. Re1 Bg7 29. Rb6+ Kd5 30. Bc3 Rf8 31. a5 Bg6 32. Rxg6 Be5 33. Rxh6 Rd8 34. Rg6 Ne6 35. Rxe5+ 1-0

[Event "Titled Tuesday intern op 01st Feb-A"]
[Site "Chess.com INT"]
[Date "2022.02.01"]
[Round "11"]
[White "Manukian, Artak"]
[Black "Dew, Brian"]
[Result "1-0"]
[WhiteElo "2196"]
[BlackElo "2002"]
[PlyCount "63"]
[EventDate "2022.02.01"]
[EventType "swiss (blitz)"]
[EventRounds "11"]
[EventCountry "USA"]
[SourceTitle "CBM 206 Extra"]
[Source "ChessBase"]
[SourceDate "2022.03.31"]
[SourceVersion "1"]
[SourceVersionDate "2022.03.31"]
[SourceQuality "1"]

1. e4 b6 2. d4 Bb7 3. Bd3 c5 4. d5 e6 5. c4 d6 6. Nc3 Nf6 7. f4 exd5 8. exd5 Be7 9. Nf3 0-0 10. 0-0 Re8 11. h3 Nbd7 12. g4 g6 13. Re1 Bf8 14. Be3 Bg7 15. Bf2 a6 16. a4 Qc7 17. Qd2 Rxe1+ 18. Rxe1 Re8 19. Kg2 Qd8 20. Re3 Rxe3 21. Qxe3 Qe8 22. Qxe8+ Nxe8 23. Nd2 Kf8 24. Nde4 Ndf6 25. Kf3 Nxe4 26. Bxe4 Nc7 27. f5 Be5 28. Be1 b5 29. axb5 axb5 30. cxb5 Ke7 31. b6 Nb5 32. Nxb5 1-0

[Event "Helsingor Xtracon op"]
[Site "Helsingor"]
[Date "2019.07.22"]
[Round "4"]
[White "Dew, Brian"]
[Black "Moller, Arne Vagn"]
[Result "1/2-1/2"]
[WhiteElo "2094"]
[BlackElo "1872"]
[PlyCount "60"]
[EventDate "2019.07.20"]
[EventType "swiss"]
[EventRounds "10"]
[EventCountry "DEN"]
[SourceTitle "CBM 191 Extra"]
[Source "ChessBase"]
[SourceDate "2019.09.30"]
[SourceVersion "1"]
[SourceVersionDate "2019.09.30"]
[SourceQuality "1"]

1. e4 c5 2. Nf3 d6 3. d4 cxd4 4. Nxd4 Nf6 5. Nc3 a6 6. g3 e6 7. Bg2 Be7 8. h3 Qc7 9. Be3 Bd7 10. 0-0 0-0 11. g4 Nc6 12. g5 Ne8 13. Nde2 Ne5 14. b3 Ng6 15. f4 Bc6 16. Qe1 f6 17. Nd4 Bd7 18. f5 Rc8 19. fxe6 Bc6 20. Qg3 fxg5 21. Rxf8+ Nxf8 22. Nxc6 bxc6 23. Bxg5 Bxg5 24. Qxg5 Nxe6 25. Qf5 Qe7 26. Rd1 N8c7 27. Qf2 Rf8 28. Qd2 Qf6 29. Rf1 Qd4+ 30. Qxd4 Nxd4 1/2-1/2

[Event "Hong Kong Jolimark op"]
[Site "Hong Kong"]
[Date "2018.12.23"]
[Round "2"]
[White "Kwong, Wing Ki"]
[Black "Dew, Brian"]
[Result "1/2-1/2"]
[WhiteElo "1646"]
[BlackElo "2102"]
[PlyCount "106"]
[EventDate "2018.12.22"]
[EventType "swiss"]
[EventRounds "9"]
[EventCountry "HKG"]
[SourceTitle "CBM 188 Extra"]
[Source "ChessBase"]
[SourceDate "2019.02.28"]
[SourceVersion "1"]
[SourceVersionDate "2019.02.28"]
[SourceQuality "1"]

1. d4 Nf6 2. c4 c5 3. dxc5 Na6 4. Nc3 Nxc5 5. g3 g6 6. Bg2 Bg7 7. Nh3 0-0 8. Nf4 d6 9. Bd2 Rb8 10. h4 a6 11. Rc1 Bf5 12. 0-0 Nfe4 13. Be1 Nf6 14. b4 Nce4 15. Nfd5 Nxd5 16. Nxe4 Nf6 17. Nc3 Qb6 18. Bd2 Rbc8 19. Na4 Qc7 20. Be3 Be4 21. Bh3 e6 22. Bb6 Qd7 23. Bd4 Qe7 24. Nb6 Rcd8 25. Qb3 Nd7 26. Nxd7 Rxd7 27. Bxg7 Kxg7 28. a4 b6 29. Qe3 f5 30. Qxb6 Rb7 31. Qd4+ e5 32. Qc3 f4 33. Bg2 Bxg2 34. Kxg2 Qe8 35. b5 Rbf7 36. f3 fxg3 37. Kxg3 Qe7 38. e3 Qb7 39. f4 Kh6 40. Qd3 Qe7 41. Rcd1 Rf6 42. b6 Re8 43. Qd5 exf4+ 44. exf4 Rf5 45. Qxd6 Qe2 46. Rf3 Re3 47. Qc6 Re6 48. Qd7 Rxb6 49. Qd3 Qe7 50. Re3 Qf6 51. Qd4 Qxd4 52. Rxd4 Rb4 53. Ra3 Rc5 1/2-1/2

[Event "Hong Kong-ch prel"]
[Site "Hong Kong"]
[Date "2018.03.05"]
[Round "8"]
[White "Pu, Henry"]
[Black "Dew, Brian"]
[Result "0-1"]
[WhiteElo "1646"]
[BlackElo "2128"]
[PlyCount "102"]
[EventDate "2018.01.08"]
[EventType "swiss"]
[EventRounds "11"]
[EventCountry "HKG"]
[SourceTitle "EXT 2019"]
[Source "ChessBase"]
[SourceDate "2018.10.10"]
[SourceVersion "1"]
[SourceVersionDate "2018.10.10"]
[SourceQuality "1"]

1. d4 Nf6 2. c4 e6 3. Nf3 Bb4+ 4. Bd2 Qe7 5. Nc3 b6 6. e3 Bb7 7. Be2 Bxc3 8. Bxc3 Ne4 9. Qc2 f5 10. Bd3 0-0 11. 0-0 Rf6 12. Nd2 Rh6 13. f3 Nxc3 14. bxc3 Qh4 15. h3 Rg6 16. Kh1 Qg5 17. Nb3 Qxe3 18. Rae1 Qf4 19. d5 Na6 20. Re2 Rf8 21. Rfe1 Qd6 22. Re5 c5 23. Qe2 Nc7 24. Nd2 Rgf6 25. Nf1 g6 26. Rd1 exd5 27. cxd5 R6f7 28. c4 Qf6 29. Re1 Qd8 30. Ng3 d6 31. Re7 Rxe7 32. Qxe7 Qxe7 33. Rxe7 Rf7 34. Re1 Kf8 35. Kg1 Re7 36. Kf2 Rxe1 37. Kxe1 b5 38. cxb5 Nxd5 39. Ne2 Nb6 40. Kd2 d5 41. Bc2 Ke7 42. Kc3 d4+ 43. Kd3 Bd5 44. a4 Bc4+ 45. Kd2 Bxe2 46. Kxe2 c4 47. Kd2 Kd6 48. g4 d3 49. Bxd3 cxd3 50. Kxd3 Kc5 51. Kd2 Kb4 0-1

[Event "Hong Kong-ch prel"]
[Site "Hong Kong"]
[Date "2018.01.22"]
[Round "3"]
[White "Dew, Brian"]
[Black "Lai, Sai Wing"]
[Result "1-0"]
[WhiteElo "2128"]
[BlackElo "1842"]
[PlyCount "75"]
[EventDate "2018.01.08"]
[EventType "swiss"]
[EventRounds "11"]
[EventCountry "HKG"]
[SourceTitle "EXT 2019"]
[Source "ChessBase"]
[SourceDate "2018.10.10"]
[SourceVersion "1"]
[SourceVersionDate "2018.10.10"]
[SourceQuality "1"]

1. e4 d6 2. d4 Nf6 3. Nc3 c6 4. h3 Nbd7 5. Nf3 e5 6. a4 a5 7. Bc4 Be7 8. 0-0 0-0 9. Ba2 h6 10. Nh4 exd4 11. Qxd4 Nc5 12. Ng6 Re8 13. Bf4 Bf8 14. Nxf8 Rxf8 15. Rad1 Re8 16. e5 Nh5 17. exd6 Ne6 18. Bxe6 Bxe6 19. Be3 Qf6 20. Qxf6 Nxf6 21. Bb6 Nd7 22. Bc7 Bf5 23. Rd2 h5 24. f3 g5 25. g4 hxg4 26. hxg4 Bg6 27. Kf2 Re5 28. Re1 Rae8 29. Rxe5 Rxe5 30. Nd1 f5 31. Ne3 fxg4 32. Nxg4 Rc5 33. c3 Bh5 34. Re2 Bxg4 35. Re8+ Kf7 36. Re7+ Kf6 37. fxg4 Ne5 38. Rxe5 1-0

[Event "Hong Kong-ch prel"]
[Site "Hong Kong"]
[Date "2018.01.15"]
[Round "2"]
[White "Borigas, Edgardo"]
[Black "Dew, Brian"]
[Result "1-0"]
[WhiteElo "1767"]
[BlackElo "2128"]
[PlyCount "77"]
[EventDate "2018.01.08"]
[EventType "swiss"]
[EventRounds "11"]
[EventCountry "HKG"]
[SourceTitle "EXT 2019"]
[Source "ChessBase"]
[SourceDate "2018.10.10"]
[SourceVersion "1"]
[SourceVersionDate "2018.10.10"]
[SourceQuality "1"]

1. e4 c5 2. Nf3 Nc6 3. d4 cxd4 4. Nxd4 g6 5. Be3 Bg7 6. c3 Nf6 7. f3 0-0 8. Nd2 d5 9. Nxc6 bxc6 10. e5 Nd7 11. f4 f6 12. exf6 Nxf6 13. Be2 e5 14. 0-0 exf4 15. Bc5 Re8 16. Rxf4 Bh6 17. Rf1 Bxd2 18. Rxf6 Qxf6 19. Qxd2 Bf5 20. Rf1 Qe6 21. Ba6 Qd7 22. Qg5 Rad8 23. b4 Qe6 24. a4 Rd7 25. b5 Rf7 26. Qd2 Be4 27. Rxf7 Kxf7 28. Bxa7 Bf5 29. b6 c5 30. Bb5 Re7 31. a5 Qe4 32. Bc6 Qb1+ 33. Kf2 d4 34. Bd5+ Ke8 35. cxd4 cxd4 36. a6 Qb5 37. b7 Qxd5 38. b8Q+ Kf7 39. Bxd4 1-0

[Event "Hong Kong Jolimark op"]
[Site "Hong Kong"]
[Date "2017.12.26"]
[Round "8"]
[White "Dew, Brian"]
[Black "Chan, Kris"]
[Result "1-0"]
[WhiteElo "2140"]
[BlackElo "2153"]
[PlyCount "91"]
[EventDate "2017.12.23"]
[EventType "swiss"]
[EventRounds "9"]
[EventCountry "HKG"]
[SourceTitle "CBM 182 Extra"]
[Source "ChessBase"]
[SourceDate "2018.02.23"]
[SourceVersion "1"]
[SourceVersionDate "2018.02.23"]
[SourceQuality "1"]

1. d4 e6 2. Nf3 d5 3. Bf4 c5 4. c3 Nc6 5. e3 Nf6 6. Nbd2 Bd6 7. Bg3 0-0 8. Bd3 Qe7 9. Ne5 Nd7 10. Nxd7 Bxd7 11. Bxd6 Qxd6 12. dxc5 Qxc5 13. Bxh7+ Kxh7 14. Qh5+ Kg8 15. Ne4 Qb5 16. Ng5 Rfd8 17. Qxf7+ Kh8 18. Qh5+ Kg8 19. 0-0-0 Ne5 20. Qh7+ Kf8 21. Qh8+ Ke7 22. Qxg7+ Kd6 23. Ne4+ Kc6 24. Qxe5 Kb6 25. Qd4+ Kc7 26. Qc5+ Bc6 27. Qxb5 Bxb5 28. Ng5 Kd7 29. e4 Rg8 30. f4 Kd6 31. Rhe1 Bc6 32. exd5 exd5 33. g3 Kc5 34. Ne6+ Kd6 35. Nd4 Bd7 36. Rd2 b5 37. Rf2 b4 38. cxb4 a5 39. bxa5 Rxa5 40. a3 Ba4 41. b4 Raa8 42. Kb2 Rac8 43. Nf5+ Kd7 44. Rd2 Bc6 45. b5 Bb7 46. Re7+ 1-0

[Event "Hong Kong-ch op"]
[Site "Hong Kong"]
[Date "2017.11.20"]
[Round "7"]
[White "Dew, Brian"]
[Black "Chong, Chor Yuen"]
[Result "1-0"]
[WhiteElo "2153"]
[BlackElo "1968"]
[PlyCount "111"]
[EventDate "2017.10.09"]
[EventType "swiss"]
[EventRounds "7"]
[EventCountry "HKG"]
[SourceTitle "EXT 2019"]
[Source "ChessBase"]
[SourceDate "2018.10.10"]
[SourceVersion "1"]
[SourceVersionDate "2018.10.10"]
[SourceQuality "1"]

1. e4 e5 2. Nf3 Nf6 3. d4 Nxe4 4. dxe5 d5 5. Nbd2 Nc5 6. Nb3 Ne6 7. Nbd4 Nxd4 8. Qxd4 c5 9. Qf4 Be7 10. Qg3 Kf8 11. Bd3 Nc6 12. c3 Be6 13. 0-0 c4 14. Be2 d4 15. cxd4 Nxd4 16. Nxd4 Qxd4 17. Rd1 Qb6 18. Bg5 Bc5 19. Qf3 h6 20. Bh4 g5 21. Qf6 Rh7 22. Bg3 Be7 23. Qf3 h5 24. Qe4 Kg7 25. h4 g4 26. Bxc4 Bxc4 27. Qxc4 Rh6 28. Rd7 Re6 29. b3 Rd8 30. Rad1 Rxd7 31. Rxd7 a6 32. Qd5 Qc6 33. Qxc6 bxc6 34. Ra7 c5 35. Kf1 Kg6 36. f3 gxf3 37. gxf3 Bd8 38. Rd7 Ba5 39. Ke2 Bc3 40. Rd5 f6 41. Rd6 Kf5 42. Rxe6 Kxe6 43. exf6 Bxf6 44. Kd3 Kd5 45. Bf2 Be5 46. Be3 Bg3 47. Bg5 Bf2 48. Bf6 Bg3 49. Bg5 Bf2 50. f4 Be1 51. Bf6 Ke6 52. Bg5 Kf5 53. Kc4 Bf2 54. a3 Kg4 55. Kd5 Bg3 56. Ke4 1-0

[Event "Hong Kong-ch prel"]
[Site "Hong Kong"]
[Date "2017.03.06"]
[Round "8"]
[White "Dew, Brian"]
[Black "Ng, Alfred Chun Hei"]
[Result "1/2-1/2"]
[WhiteElo "2147"]
[BlackElo "1667"]
[PlyCount "100"]
[EventDate "2017.01.09"]
[EventType "swiss"]
[EventRounds "11"]
[EventCountry "HKG"]
[SourceTitle "EXT 2018"]
[Source "ChessBase"]
[SourceDate "2017.10.13"]
[SourceVersion "1"]
[SourceVersionDate "2017.10.13"]
[SourceQuality "1"]

1. e4 c5 2. Nf3 Nc6 3. d4 cxd4 4. Nxd4 e5 5. Nb5 d6 6. N1c3 a6 7. Na3 b5 8. Nd5 Nge7 9. c4 Nd4 10. Be3 Nxd5 11. cxd5 Qa5+ 12. Bd2 Qb6 13. Bd3 g6 14. 0-0 Bg7 15. Rc1 0-0 16. Nc2 Bd7 17. Nxd4 exd4 18. b4 Rac8 19. Qb3 f5 20. exf5 Rxc1 21. Rxc1 Bxf5 22. Rc6 Qd8 23. Bxf5 Rxf5 24. f4 Qe7 25. Qf3 Rf8 26. Rxa6 Re8 27. Kf1 g5 28. Rc6 gxf4 29. Rc1 Qe4 30. Qxe4 Rxe4 31. Re1 Re5 32. Bxf4 Rxd5 33. Bd2 Rf5+ 34. Ke2 Rf8 35. Kd3 Ra8 36. Re7 Ra3+ 37. Ke4 Rxa2 38. Kd3 d5 39. Rd7 Ra3+ 40. Ke2 d3+ 41. Kf3 d4 42. Ke4 Kf8 43. Rb7 Ra2 44. Kxd3 Ra3+ 45. Ke4 Ra2 46. Kd3 Ra3+ 47. Ke4 Ra2 48. Kd3 Ra3+ 49. Ke4 Ra2 50. Kd3 Ra3+ 1/2-1/2

[Event "Hong Kong-ch prel"]
[Site "Hong Kong"]
[Date "2017.01.16"]
[Round "2"]
[White "Dew, Brian"]
[Black "Ho, In Hei Henry"]
[Result "1-0"]
[WhiteElo "2147"]
[BlackElo "1753"]
[PlyCount "115"]
[EventDate "2017.01.09"]
[EventType "swiss"]
[EventRounds "11"]
[EventCountry "HKG"]
[SourceTitle "EXT 2018"]
[Source "ChessBase"]
[SourceDate "2017.10.13"]
[SourceVersion "1"]
[SourceVersionDate "2017.10.13"]
[SourceQuality "1"]

1. e4 e6 2. d4 d5 3. Nc3 Nf6 4. Bg5 dxe4 5. Nxe4 Be7 6. Bxf6 gxf6 7. Qd3 f5 8. Nc3 Bg5 9. Nge2 Qd6 10. g3 Bd7 11. Bg2 Na6 12. Bxb7 Nb4 13. Qd1 Rb8 14. Bg2 Nd5 15. Nxd5 exd5 16. b3 f4 17. 0-0 0-0 18. Nc3 c6 19. Na4 Kh8 20. Re1 fxg3 21. hxg3 Rg8 22. Qd3 Rbf8 23. Nc5 Bg4 24. Bf3 Bh3 25. Bg2 Bf4 26. Kh2 Bg4 27. Rh1 Rg5 28. Kg1 Bf5 29. Qf3 Bxg3 30. fxg3 Rfg8 31. Rh2 Bxc2 32. Rf1 f5 33. Qf4 Qe7 34. Rh3 Rg4 35. Qe5+ Qxe5 36. dxe5 d4 37. Rf2 d3 38. Rd2 Rxg3 39. Rxg3 Rxg3 40. Kf2 f4 41. e6 Kg7 42. Bxc6 Kf6 43. Be4 Re3 44. Bxh7 Ke7 45. Bxd3 Bxd3 46. Rxd3 Re5 47. b4 a5 48. a3 Rh5 49. Rd7+ Ke8 50. Ra7 Rh2+ 51. Kg1 Rc2 52. Rxa5 Ke7 53. Ra7+ Ke8 54. Kf1 Rc3 55. Ne4 Rf3+ 56. Kg2 Re3 57. Nd6+ Kd8 58. e7+ 1-0